Central Library OPAC University of Rajshahi

Structure and process of organizations : (Record no. 15845)

MARC details
000 -LEADER
fixed length control field 00910nam a2200289 i 4500
001 - CONTROL NUMBER
control field 15845
003 - CONTROL NUMBER IDENTIFIER
rucl marc code BD-RjUL
005 - DATE AND TIME OF LATEST TRANSACTION
control field 20211208235909.0
008 - FIXED-LENGTH DATA ELEMENTS--GENERAL INFORMATION
fixed length control field 140211s1976 njua b 001 0 eng d
020 ## - INTERNATIONAL STANDARD BOOK NUMBER
International Standard Book Number 0138552541
035 ## - SYSTEM CONTROL NUMBER
System control number (BD-RjUL)15900
040 ## - CATALOGING SOURCE
Original cataloging agency DLC
Transcribing agency DLC
Modifying agency DLC
-- BD-RjUL
Language of cataloging eng
041 ## - LANGUAGE CODE
Language code of text/sound track or separate title eng
082 00 - DEWEY DECIMAL CLASSIFICATION NUMBER
Classification number 658.4
Author mark and year MES 1976
100 1# - MAIN ENTRY--PERSONAL NAME
Personal name Melcher, Arlyn J.
Dates associated with a name 1931-
9 (RLIN) 49140
245 10 - TITLE STATEMENT
Title Structure and process of organizations :
Remainder of title a systems approach /
Statement of responsibility, etc. by Arlyn J. Melcher.
260 ## - PUBLICATION, DISTRIBUTION, ETC. (IMPRINT)
Place of publication, distribution, etc. Englewood Cliffs, N.J. :
Name of publisher, distributor, etc. Prentice-Hall,
Date of publication, distribution, etc. c1976.
300 ## - PHYSICAL DESCRIPTION
Pagination xiv, 461 p. :
Illustrations ill. ;
Size 24 cm.
490 0# - SERIES STATEMENT
Series statement Prentice-Hall behavioral sciences in business series
504 ## - BIBLIOGRAPHY, ETC. NOTE
Bibliography, etc Includes bibliographical references and indexes.
650 #0 - SUBJECT ADDED ENTRY--TOPICAL TERM
Topical term or geographic name as entry element Organization.
9 (RLIN) 49141
Topical term or geographic name as entry element Management.
9 (RLIN) 49142
Topical term or geographic name as entry element Leadership.
9 (RLIN) 49143
942 ## - ADDED ENTRY ELEMENTS (KOHA)
Source of classification or shelving scheme Dewey Decimal Classification
Koha item type Books
Holdings
Lost status Source of classification or shelving scheme Damaged status Not for loan Collection code Permanent Location Current Location Shelving location Date acquired Source of acquisition Total Checkouts Full call number Date last seen Copy number Koha item type
  Dewey Decimal Classification   Not For Loan Non-fiction Central Library, University of Rajshahi Central Library, University of Rajshahi Reading Room 20/07/1987 Asia foundation   658.4 MES 1976 11/02/2014 C-1 Books
  Dewey Decimal Classification     Non-fiction Central Library, University of Rajshahi Central Library, University of Rajshahi   20/07/1987 Asia Foundation , Sanfrancisco, California U.S.A.   658.4 MES 1976 28/07/2019 C-2 Books
  Dewey Decimal Classification     Non-fiction Central Library, University of Rajshahi Central Library, University of Rajshahi   11/09/1989 Asia Foundation , Sanfrancisco, California U.S.A.   658.4 MES 1976 28/07/2019 C-3 Books